000
00304nam a2200097Ia 4500
082
_a
305.8 ENGL
245
0
_a
Marrying Black girls for guys who aren't Black
100
_a
Engler, Hagen, , 1971- Auckland Park, South Africa, 2013
_9
36096
942
_c
BK
008
210817s9999 xx 000 0 und d
999
_c
130736
_d
130735